| 000 | 00660nam a2200205Ia 4500 | ||
|---|---|---|---|
| 003 | OSt | ||
| 005 | 20250819122051.0 | ||
| 020 | _a978-81-312-4466-1 | ||
| 040 | _cLC | ||
| 050 | _aQP 34.5 .H 35 2016 | ||
| 100 | _aHALL, JOHN E | ||
| 245 | 0 | _aGUYTON & HALL TEXTBOOK OF MEDICAL PHYSIOLOGY | |
| 250 | _aSECOND SOUTH ASIA EDITION:RESTRICTED EDITION | ||
| 260 |
_aNEW DELHI, _bELSEVIER RELX INDIA PVT. LTD, _c2016, |
||
| 300 | _aXiX, 927 P, ILL | ||
| 500 | _aINCLUES BIBLIOGRAPHICAL REFERENCES AND INDEX | ||
| 650 | _a Human physiology, Physiology, Pathological, Physiological Phenomena | ||
| 700 | _aVAZ MARIO,KURPAD ANURA,RAJ TONY | ||
| 942 |
_cBK _2lcc _n0 |
||
| 999 |
_c193215 _d193215 |
||